| 000 | 00951nas a2200313 4500 | ||
|---|---|---|---|
| 001 | BR2010000215 | ||
| 003 | BR-BrBNA | ||
| 005 | 20231205114032.0 | ||
| 007 | ta | ||
| 008 | 230509b bl.|||p| |||| 00| 00por d | ||
| 040 |
_aBR-BrBNA _bpor _cBiblioteca Nacional de Agricultura |
||
| 041 | _a(En) | ||
| 072 | _aL10 | ||
| 100 | 1 | _aFaria, D.A. de | |
| 100 | 1 | _aPeixoto, J. de O. | |
| 100 | 1 | _aLopes, P.S. | |
| 100 | 1 | _aPaiva, S.R. | |
| 100 | 1 | _aSilva, P.V. | |
| 100 | 1 | _aGuimarães, S.E.F. | |
| 245 | 1 | _aAssociation between insulin-like growth factor I (IGF - I)microsatellite polymorphisms and important economic traits in pigs | |
| 650 | _aSUÍNO | ||
| 650 | _aCRUZAMENTO | ||
| 650 | _aGENÓTIPO | ||
| 650 | _aCRESCIMENTO | ||
| 650 | _aGENE | ||
| 773 | 0 |
_tRevista Brasileira de Zootecnia (Brazil) _xISSN 1516-3598 _g(Feb 2009), v. 38(2) p. 265-270 _wBR2010000215 |
|
| 909 |
_a202311 _bLúcia _c55 _dLúcia Elande |
||
| 942 |
_2AGRIS _n0 _cANA |
||
| 999 |
_c206815 _d206815 |
||